000
00436nam a2200145Ia 4500
008
100122s9999 xx 000 0 und d
082
_b
8113
_a
822
100
_a
अत्रे प्रल्हाद केशव
245
_a
घराबाहेर
260
_b
शिवराम हरि गद्रे
_c
1941
300
_a
60
630
_a
घराबाहेर
730
_a
घराबाहेर
942
_c
BOOK
999
_c
400520
_d
400517